000 00307nam a2200121Ia 4500
008 250718s9999 xx 000 0 und d
100 _aCHANDRAMOULI, A.
245 0 _aARJUNA SAGA OF A PANDWA WARRIER PRINCE
260 _bPLATINUM PRESS, MUMBAI
_c2013
300 _a363
650 _aReligion
942 _cBK
999 _c222625
_d222625